000 01279nam0a22002651 4500
001 rc\288346
005 20030307121031.4
035 _a(NLR Aleph) 005519971
090 _a5497604
_c5497604
100 _a20030307d1990 u |0rusy50 ca
101 0 _arus
102 _aRU
105 _aa |||||||||
200 1 _aДИФРАКЦИЯ ограниченных во времени световых импульсов на периодической поверхности с произвольным рельефом в условиях проявления аномалий Вуда
_fС.А. Ахманов, В.Я. Панченко, В.Н. Семиногов, В.И. Соколов
210 _aШатура
_cБ. и.
_d1990
215 _a40 с.
_cил.
_d21
225 1 _aПрепринт
_fМежвед. науч.-техн. совет по пробл. лазер. технологии ГКНТ и АН СССР. Н.-и. центр по технол. лазерам АН СССР НИЦТЛАН
_v70
300 _aРез. на англ. яз.
320 _aБиблиогр.: с. 39-40
701 1 _aАхманов
_bС. А.
_gСергей Александрович
801 0 _aRU
_bNLR
_gpsbo
801 1 _aRU
_bELAR
_2rusmarc
852 _aNLR
_j91-4/871
942 _cBOOK
980 _aNB